| 000 | 00533nam a22001697a 4500 | ||
|---|---|---|---|
| 003 | CEME | ||
| 005 | 20210628204719.0 | ||
| 008 | 210222b xxu||||| |||| 00| 0 eng d | ||
| 040 | _c. | ||
| 082 | _a629.133352 BAS'J | ||
| 100 |
_aUs Aviation Adminstration _971923 |
||
| 245 | _aBasic helicopter handbook | ||
| 260 |
_aUSA _bUS DEPT OF TRANSPORTATION _c1996 |
||
| 300 | _aVII, 111P | ||
| 650 |
_aHELICOPTER FLIGHT HAZARDS HELICOPTER PERFORMANCE HELICOPTER WEIGHT AND BALANCE HELICOPTER COMPONENTS ACC NO- _971924 |
||
| 942 |
_cBK _2ddc |
||
| 999 |
_c578190 _d578190 |
||